| 000 | 00726nam a2200217 a 4500 | ||
|---|---|---|---|
| 005 | 20210219155239.0 | ||
| 008 | 051118s2003 mx r 000 0 spa d | ||
| 020 | _a9706666915 | ||
| 035 | _aUPN01000141180 | ||
| 049 | _aC | ||
| 050 | 4 |
_aND137 _bC3.3 |
|
| 100 | 1 | _aCarr-Gomm, Sarah | |
| 245 | 1 | 0 |
_aDiccionario de arte a partir de sus símbolos : _bclave ilustrada para la pintura y escultura occidentales / _cSarah Carr-Gomm. |
| 260 |
_aMéxico : _bTomo, _c2003. |
||
| 300 |
_a245 p. : _bil. |
||
| 650 | 4 |
_aPINTURA MEDIEVAL - _vDICCIONARIOS |
|
| 650 | 4 |
_aPINTURA MODERNA - _vDICCIONARIOS |
|
| 650 | 4 |
_aSIMBOLISMO EN EL ARTE - _vDICCIONARIOS |
|
| 740 | 0 |
_aTítulo original : _bDictionary of symbols in art |
|
| 905 | _aLibro | ||
| 999 |
_c113327 _d113327 |
||